00622nam a2200169 u 450000100100000000500170001000800410002704000250006808200230009324500510011626000270016730000250019450000730021950000220029295201210031499900170043500002028320200929170339.0100813s1999 xxu 000 0 spa d aDO-SdBNPbspacBNPHU axxxxxxxxbxxxxxxxx00aSanta biblia :bnueva versión internacional. aMiami, :bVida,c1999. av, 1527 p. ;c22 cm. aIncluye referencias bibliográficas y notas al pie de las páginas aIncluye índices 001050718MOaGRbGRcHDd2017-05-05iLF1l0oxxxxxxxx xxxxxxxxp20283-10r2020-06-25w2020-06-25y1ZNo se presta c19787d19787